01371nam a2200325Ia 4500001001200000003000800012006001900020007001500039008004100054010001700095020001800112020003500130040002100165035002100186050002500207100002600232245010100258260005100359300002500410490005900435504006400494533015200558650004000710650005000750655002900800710001700829830005600846856012600902999001701028ebr10254779CaPaEBRm u cr cn|||||||||040102s2004 ne a sb 001 0 eng d z 2003028268 z9781558609365 z1558609369 (pbk. : alk. paper) aCaPaEBRcCaPaEBR a(OCoLC)64676756714aHE9713b.L563 2004eb1 aLing, Richard Seyler.14aThe mobile connectionh[electronic resource] :bthe cell phone's impact on society /cRich Ling. aAmsterdam :bElsevier/Morgan Kaufmann,cc2004. axvii, 244 p. :bill.1 aThe Morgan Kaufmann series in interactive technologies aIncludes bibliographical references (p. 223-237) and index. aElectronic reproduction.bPalo Alto, Calif. :cebrary,d2011.nAvailable via World Wide Web.nAccess may be limited to ebrary affiliated libraries. 0aCell phone systemsxSocial aspects. 0aMobile communication systemsxSocial aspects. 7aElectronic books.2local2 aebrary, Inc. 0aMorgan Kaufmann series in interactive technologies.40uhttp://site.ebrary.com/lib/rucke/Doc?id=10254779zAn electronic book accessible through the World Wide Web; click to view c35239d35239